01113nam a2200241 a 450000100060000000300080000600500170001400800410003103500190007204000330009104100080012408200220013224501220015426000630027630001280033950000150046750000850048250000850056750400640065260000540071660000350077070000660080538093BD-RjUL20211209052725.0150908s1976 bg af b 000 1 benr  a(BD-RjUL)38198 aDLCcDLCdDLCd(BD-RjULbeng aeng a398.092bLAL 1976 aলালন সাহিত্য ও দর্শন /cখোন্দকার রিয়াজুল হক cঢাকা :aমুক্তধারা,b১৯৭৬ a২, ২৬৪ পৃ., [৩] পৃষ্ঠা সম্বলিত ছবি :bচিত্র ;c২২ সেমি. aRomanized. aTitle on verso of t.p.: Lalan sahitya o darsan (Lalan: his life and philosophy). aCollection of articles on the Bengali mystic poet (Baul) Lalan Fakir, 1774-1890. aগ্রন্থপঞ্জী সংযুক্ত ।00aলালন শাহd১৭৭৪-১৮৯০00aLālana Śāha,d1774-1890. aহক, খোন্দকার রিয়াজুল